Microwave components (Record no. 51170)

MARC details
000 -LEADER
fixed length control field 00484nam a2200145 a 4500
008 - FIXED-LENGTH DATA ELEMENTS--GENERAL INFORMATION
fixed length control field 120416s1968 ||||||||||||||||| || u
050 ## - LIBRARY OF CONGRESS CALL NUMBER
Classification number TK 7876 Mat
100 ## - MAIN ENTRY--PERSONAL NAME
Personal name Metthews, P.A
245 10 - TITLE STATEMENT
Title Microwave components
246 ## - VARYING FORM OF TITLE
Title proper/short title P.A. Mathews
260 ## - PUBLICATION, DISTRIBUTION, ETC.
Place of publication, distribution, etc. London
Name of publisher, distributor, etc. Chapman and Hall
Date of publication, distribution, etc. 1968
300 ## - PHYSICAL DESCRIPTION
Extent viii,196p. : ill.
350 ## - PRICE (NR) (BK AM CF MU VM SE) [OBSOLETE]
Price 0.00
995 ## - RECOMMENDATION 995 [LOCAL, UNIMARC FRANCE]
-- 0.00
-- CBU-MAIN LIBRARY (Kitwe)
-- 1
-- 3.30
-- DAMAGED
-- Main Library Open Access Collection
Holdings
Withdrawn status Lost status Source of classification or shelving scheme Damaged status Not for loan Home library Current library Shelving location Date acquired Total Checkouts Full call number Barcode Date last seen Price effective from Koha item type
          CBU-MAIN LIBRARY, KITWE. CBU-MAIN LIBRARY, KITWE.   11/30/2022   TK 7876 Mat 016522 11/30/2022 11/30/2022 MONOGRAPH